000 01077nam a2200289 i 4500
001 11636
003 ES-MaACL
005 20250808062710.0
007 t|
008 960731s1993 sp |||| | spa d
020 _a84-7914-082-8
100 0 _aAgustín
_cSanto, Obispo de Hipona.
_9125563
245 1 0 _aObras completas de San Agustín.
_nXXXI,
_pEscritos antimaniqueos (2º) /
_cintroducción, traducción, notas e índices de Pío de Luis ; [texto latino preparado por Miguel F. Lanero y Enrique Garmón].
250 _aEd. bilingüe.
260 _aMadrid :
_bBiblioteca de Autores Cristianos,
_c1993.
300 _aXXI, 834 p. ;
_c20 cm.
490 1 _aBiblioteca de autores cristianos ;
_v529
504 _aBibliografía: p. 45-52. Índices.
505 8 _aContiene : Contra Fausto
650 4 _aManiqueísmo.
_9157500
700 1 _aLuis, Pío de.
_974684
700 1 _aFuertes Lanero, Miguel.
_9140541
700 1 _aGarmón, Enrique.
_9140644
830 0 0 _aBiblioteca de autores cristianos
_v529
_9178679
852 _aES-MaACL
_jJ-516
999 _c11636
_d11636